000 00292nam a22001337a 4500
008 181025b xxu||||| |||| 00| 0 eng d
020 _a2900073407455
041 _aeng
080 _27th
_a610
100 _a4
101 _aSHM
245 _aBiomedical Ethics
_cDegrazia,D
942 _2udc
_cBK
999 _c50893
_d50893